000 00430nam a22001697a 4500
003 MACL
005 20160207124937.0
008 160207b xxu||||| |||| 00| 0 eng d
040 _cMACL
041 _aEnglish
082 _a780/BRA
100 _aBrahaspati Dr. S.V
_937281
245 _aGreat Masters of Hindustani Music
260 _aNew Delhi
_bSwastik Prakashan
_c2011
650 _aIndian Music
_937282
942 _2ddc
_cBK
999 _c53258
_d53258